Desafío de una utopía: una estrategia integral para la gestión de salvaguarda de La Habana vieja

Saved in:
Bibliographic Details
Format: Book
Language:Spanish
English
Published: La Habana Oficina del Historiador 2001
Subjects:
Tags: Add Tag
No Tags, Be the first to tag this record!

MARC

LEADER 00000nam a2200000 a 4500
001 UCL6046
003 CL-VaPUC
008 040326e20010000CU |||||||||||||||||spa|d
041 0 7 |a spa  |2 CL-VaPUC 
041 0 7 |a eng  |2 CL-VaPUC 
082 0 4 |a 720.288  |b DES  |2 21 
245 1 0 |a Desafío de una utopía: una estrategia integral para la gestión de salvaguarda de La Habana vieja 
246 1 0 |a Challenge of a utopia: a comprehensive strategy to manage the safeguarding of the old Habana 
300 |a 263 p 
942 |c BK 
945 |d 20040326 00:00:00  |a cmena 
260 |a La Habana  |b Oficina del Historiador  |c 2001 
650 0 |a Arquitectura  |9 804558 
650 0 |a Patrimonio cultural  |9 309364 
650 0 |a Arquitectura cubana  |9 483812 
650 7 |a CONSERVACION DE MONUMENTOS  |2 CL-VaPUC  |9 483791 
650 0 |a Gestión ambiental   |9 338121 
651 7 |a LA HABANA  |2 CL-VaPUC  |9 483813 
651 7 |a CUBA  |2 CL-VaPUC  |9 255263 
583 |a last modification  |c 20040326 00:00:00  |k Rodrigo Vera 
999 |c 308343  |d 308341 
952 |0 0  |1 0  |4 0  |6 720_288000000000000_DES_2001  |7 0  |8 A  |9 374777  |a BIBARQ  |b BIBARQ  |d 2019-11-21  |i 3991687  |o 720.288 DES 2001  |p 3991687  |r 2025-01-20  |w 2019-11-21  |y BK  |k ARQ